000 00717nam a22002297a 4500
008 131109b xxu||||| |||| 00| 0 eng d
024 _cAvailable
037 _cAvailable
040 _aMBSTU LIBRARY
_dMBSTU LIBRARY
082 _222
_a363.7 AGG
100 _aAgarwal, Anil.
245 _aGlobal environmental negotiatios 1.
260 _aNew Delhi
_bCenter for Science and Environment.
_c2001
300 _a27 cm.
_b409 jpage
_f3
_g27 cm.
600 _2Environmental science.
650 _2Environmental science.
710 _aAgarwal, Anil.
270 _aNew Delhi
_bNew Delhi
_dIndia
365 _b1600.00
_d1600.00
942 _2ddc
_cBK
999 _c793
_d793